Fifa WC - Most populous & Least populous - Statistics

General Stats
  • This quiz has been taken 18 times
  • The average score is 10 of 20
Answer Stats
Hint Answer % Correct
O India
88%
M China
76%
P Bangladesh
71%
T Pakistan
71%
E Ethiopia
65%
S Indonesia
65%
L Iceland
53%
L D.R.Congo
47%
E Thailand
47%
P Vietnam
47%
P Bosnia
41%
P New Zealand
41%
O Philippines
41%
E Costa Rica
35%
O Croatia
35%
A Panama
35%
E Slovenia
29%
T Ireland
24%
L Slovakia
24%
S Uruguay
18%
No matching quizzes found
Score Distribution
Percent of People with Each Score
Percentile by Number Answered
Your Score History
You have not taken this quiz